| 000 | 00627nam a22001937a 4500 | ||
|---|---|---|---|
| 005 | 20251108175434.0 | ||
| 008 | 250721s2010 xx 000 0 ara d | ||
| 082 | 1 | 4 | _a621.366/أحم |
| 100 | 1 | _aأحمد، وحيد مصطفى | |
| 245 | 1 | 0 | _aالليزر و الألياف الضوئية / |
| 246 | 1 | 1 | _alasers & fiber optics |
| 264 | 1 |
_aالقاهرة : _bدار الكتب العلمية للنشر و التوزيع، _c2010. |
|
| 300 | _a352ص. | ||
| 650 | 1 | 7 | _aالليزر |
| 650 | 1 | 7 | _aنظم الأتصالات الضوئية |
| 650 | 1 | 7 | _aالألياف الضوئية |
| 942 |
_2ddc _cBK |
||
| 999 |
_c134128 _d134128 |
||